The theatre of Tennessee Williams / (Record no. 136528)

MARC details
000 -LEADER
fixed length control field 00618nam a2200205 4500
010 ## - LIBRARY OF CONGRESS CONTROL NUMBER
LC control number 744769
035 ## - SYSTEM CONTROL NUMBER
System control number 744769
037 ## - SOURCE OF ACQUISITION
Source of stock number/acquisition Cen Lib / Ret
040 ## - CATALOGING SOURCE
Original cataloging agency DPL
Language of cataloging EN
082 ## - DEWEY DECIMAL CLASSIFICATION NUMBER
Classification number 882
Item number WIL
100 ## - MAIN ENTRY--PERSONAL NAME
Personal name Williams, Tennessee
245 ## - TITLE STATEMENT
Title The theatre of Tennessee Williams /
Statement of responsibility, etc by Tennessee Williams
260 ## - PUBLICATION, DISTRIBUTION, ETC. (IMPRINT)
Place of publication, distribution, etc New York
Name of publisher, distributor, etc New Directions
Date of publication, distribution, etc 1971
270 ## - ADDRESS
Address 333 sixth Avenue
City New York
300 ## - PHYSICAL DESCRIPTION
Extent (v 2. 591 ; v 3. 423p)
Other physical details 24cm(Hb)
490 ## - SERIES STATEMENT
Series statement New Directions paperbook
Volume number/sequential designation no. 736
650 ## - SUBJECT ADDED ENTRY--TOPICAL TERM
Topical term or geographic name as entry element American drama -- 20th century.
650 ## - SUBJECT ADDED ENTRY--TOPICAL TERM
Topical term or geographic name as entry element American drama.
942 ## - ADDED ENTRY ELEMENTS (KOHA)
Source of classification or shelving scheme Dewey Decimal Classification
Koha item type English Books
Classification part 882
Call number suffix WIL
Holdings
Withdrawn status Lost status Source of classification or shelving scheme Materials specified (bound volume or other part) Damaged status Not for loan Home library Current library Date acquired Source of acquisition Total Checkouts Full call number Barcode Date last seen Cost, replacement price Price effective from Koha item type Date checked out
    Dewey Decimal Classification v 3     Central Library Central Library 04/03/2016 Cen Lib/Ret   882 WIL 744769 04/03/2016 1.00 04/03/2016 English Books  
    Dewey Decimal Classification v 2     Central Library Central Library 04/03/2016 Cen Lib/Ret 1 882 WIL 744768 04/12/2017   04/03/2016 English Books 20/11/2017

© Delhi Public Library
Hit Counter
free hit counter